000 00540cab a2200205 4500
001 X1474
008 090401t1994 xxu||||| |||| 00| 0 eng d
035 _a(Sirsi) u17295
041 _aeng
245 _aRoad savings must go towards public transport says RICS
260 _c1994
350 _a0
490 _aCSM (Chartered Surveyor Monthly)
_v3(8) May 1994, 4(1)
650 _aPUBLIC TRANSPORT
650 _aROAD BUILDING
650 _aROAD PRICING
690 _aTRANSPORT AND COMMUNICATIONS
942 _n0
948 _c04/03/1997
999 _c11472
_d11472